1080 1311 1870 1169 1436 1216 1470 1075 1448 1490 1669 1751 1652 1975 1551 1976 1960 1696 1684 1813 1172 1905 1532 1832 1873 1588 1424 1926 1832 1851 1862 1014 1112 1650 1575 1918 1492 1389 1802 1002 1542 1217 1930 1042 1042 1144 1720 1725 1870 1630 1838 1191 1370 1353 1802 1847 1947 1310 1206 1637 1246 1151 1941 1799 1250 1254 1976 1417 1026 1517 1126 1171 1428 1949 1834 1883 1367 1046 1911 1117 1274 1249 1818 1595 1437 1673 1477 1636 1325 1539 1170 1240 1456 1845 1132 1528 1334 1656 1444 BCNSPRNW ULIB Ver.6.0+V

เปลี่ยนเป็นภาษาไทย

Change to English
 แสดงรายละเอียดบรรณานุกรม
  กลับหน้าหลัก

Brief Record : Get Marc (ISO 2709) : E-mail record : QR code < ปิดหน้าต่าง
LEADER : 00000nam 2200000uu 4500
001    13399122526
003     ULIB
008    130717s2555||||th 000 0 tha d
020    ^a9789749958544
050  4 ^aNA6022^bค315ส
110 2  ^aคณะอนุกรรมการจัดทำหนังสือสมุดภาพศิลปกรรมรามเกียรติ ฉบับเยาวชน.
245 10 ^aสมุดภาพศิลปกรรมรามเกียรติ์ ฉบับเยาวชน /^cคณะอนุกรรมการจัดทำหนังสือสมุดภาพศิลปกรรมรามเกียรติ ฉบับเยาว.^bคณะอนุกรรมการจัดทำหนังสือสมุดภาพศิลปกรรมรามเกียรติ ฉบับเยาวชน.
250    ^aพิมพ์ครั้งที่ 1.
260    ^aกรุงเทพฯ :^bสำนักพระราชวัง,^c2555.
300    ^a200 หน้า :^bภาพประกอบ,^c29 ซม.
610 2  ^aคณะอนุกรรมการจัดทำหนังสือสมุดภาพศิลปกรรมรามเกียรติ ฉบับเยาวชน. ^xภาพ
650    ^aศิลปกรรมไทย
650    ^aรามเกียรติ์..ภาพ
700 0  ^aสายไหม จบกลศึก
700 0  ^aสาคร โสภา
700 0  ^aเบญจมาส แพทอง
700 0  ^aนิมิตร รอดรับบุญ
700 0  ^aธีรนาถ ทองตะโก
700 0  ^aสุกัญญา คำถาเคือ
945    ^p0^l0^i19978
999    ^aทศพร เกษรทอง
รายการนี้ยังไม่มีแท็ก
คุณยังไม่ได้ล็อกอิน คุณสามารถมีกิจกรรมร่วมกับเว็บไซต์ได้ แต่ต้องล็อกอินก่อน ::
  ล็อกอิน

รายการสื่อสารสนเทศ

ลำดับที่ ประเภท เลขเรียก/บาร์โค้ด สถานที่ สถานะ
1. การศึกษาทั่วไป
การศึกษาทั่วไป
NA6022 ค315ส ฉ.1 
  Barcode: 19978
ห้องสมุดวิทยาเขตสวรรค์ประชารักษ์
►หนังสือทั่วไป
บนชั้น

รายการใกล้เคียง
    หัวเรื่อง [ศิลปกรรมไทย]

BibComment


ยังไม่เคยถูกคอมเมนท์

คอมเมนท์ทรัพยากรรายการนี้
  คอมเมนท์: สมุดภาพศิลปกรรมร..


 Copyright 2026. Bcnsprnw @Library